| 000 | 00536nam a22001817a 4500 | ||
|---|---|---|---|
| 003 | NUST | ||
| 005 | 20230126155500.0 | ||
| 038 | _aMr. Zahoor | ||
| 082 | _a510 | ||
| 100 |
_aMukhtar, Ambreen _916924 |
||
| 245 |
_aOn Super Edge-Magic Total Labeling of Forest Having Two Components _cMukhtar Ambreen |
||
| 260 |
_aIslambad : _bSNS - NUST, _c2015. |
||
| 300 |
_a61 p. : ill. ; _b30cm. |
||
| 500 | _aHardcover | ||
| 650 |
_aPhilosophy in Mathematics - M. Phil Thesis _916592 |
||
| 700 |
_aDr. Muhammad Imran _916644 |
||
| 942 |
_2ddc _cTHE |
||
| 999 |
_c525979 _d525979 |
||